| 000 | 00935nam a2200253uu 4500 | ||
|---|---|---|---|
| 001 | 010903933 | ||
| 005 | 20161130144610.0 | ||
| 008 | 040420s1960 xxk gr f000 ||eng | ||
| 040 |
_cWSU _dOKO _dUk |
||
| 082 | 0 | 4 |
_222 _a 338.91 _bBLA |
| 100 | 1 |
_aBlack, Eugene Robert, _d1898- _934699 |
|
| 245 | 1 | 4 |
_aThe diplomacy of economic development / _cEugene R. Black ; with a foreword by Christian A. Herter. |
| 260 |
_aCambridge, United Kingdom : _bHarvard University Press, _c1960. |
||
| 300 |
_ax, 74p. ; _c22 cm. |
||
| 490 | 0 | _aThe William L. Clayton lectures on international economic affairs and foreign policy | |
| 500 | _aIndex : p.73-74. | ||
| 500 | _aInclude appendix. | ||
| 650 | 0 |
_aEconomic development. _910495 |
|
| 653 |
_bEco _cDecember2013 |
||
| 655 |
_vreading book _934232 |
||
| 650 | 0 |
_934701 _aEconomic assistance |
|
| 700 | 1 |
_934700 _aHerter, Christian A. _eauthor of introduction, etc. |
|
| 942 |
_2ddc _cBB _k338.91 BLA |
||
| 999 |
_c17877 _d17849 |
||